Information and communication technology as a driving force of change in public administration proceedings from the third summer workshop held in Prague, Czech Republic

Na minha lista:
Detalhes bibliográficos
Outros Autores: Vintar, Mirko, Reinermann, Heinrich
Formato: Livro
Idioma:inglês
Publicado em: Bratislava NISPAcee 1997
Assuntos:
Tags: Adicionar Tag
Sem tags, seja o primeiro a adicionar uma tag!

MARC

LEADER 00000nam a2200000 4500
001 c124342
005 20221109111526.2
020 |a 80-967616-1-7 
041 0 |a eng 
044 |a SK 
245 1 0 |a Information and communication technology as a driving force of change in public administration  |b proceedings from the third summer workshop held in Prague, Czech Republic  |c Edited by: Mirko Vintar, Heinrich Reinermann 
264 1 |a Bratislava  |b NISPAcee  |c 1997 
300 |a 179 s. 
610 2 0 |a správa štátna 
610 2 0 |a reformy 
610 2 0 |a technológie informačné 
610 2 0 |a technológie komunikačné 
610 2 0 |a počítače 
610 2 0 |a systémy informačné 
610 2 0 |a využitie počítačov 
700 1 |a Vintar, Mirko 
700 1 |a Reinermann, Heinrich